[Event "Foment Martinenc op-C 19st"]
[Site "Barcelona"]
[Date "2017.05.13"]
[Round "4.42"]
[White "Catala Ulied, Carles"]
[Black "Callado Carbonell, Sara"]
[Result "1-0"]
[WhiteElo "1701"]
[BlackElo "1461"]
[PlyCount "67"]
[EventDate "2017.04.22"]
[EventType "swiss"]
[EventRounds "9"]
[EventCountry "ESP"]
[SourceTitle "EXT 2024"]
[Source "ChessBase"]
[SourceDate "2023.10.10"]
[SourceVersion "1"]
[SourceVersionDate "2023.10.10"]
[SourceQuality "1"]

1. e4 e5 2. Nf3 Nc6 3. Bc4 Nf6 4. Nc3 Bc5 5. 0-0 d6 6. d3 Bg4 7. h3 Bxf3 8. Qxf3 Qd7 9. Bg5 0-0-0 10. Bb5 d5 11. Nxd5 Nxd5 12. Bxd8 Rxd8 13. exd5 Qxd5 14. Qxd5 Rxd5 15. Bxc6 bxc6 16. Rfe1 e4 17. Rxe4 Rf5 18. d4 Bb6 19. Rae1 c5 20. dxc5 Bxc5 21. R1e2 f6 22. Rd2 g5 23. g4 Rf3 24. Kg2 Rxf2+ 25. Rxf2 Bxf2 26. Kxf2 f5 27. gxf5 h5 28. f6 g4 29. hxg4 h4 30. f7 h3 31. f8Q+ Kb7 32. Qf6 h2 33. Rb4+ Ka8 34. Qf8# 1-0